Score 0/21 Timer 02:00
15 Plays Today
'And' Rhyme % Correct
Band
95.5%
Land
93.9%
Sand
93.5%
Hand
92.4%
Brand
77.8%
Bland
77.4%
Rand
74.8%
Canned
71.8%
Stand
69.7%
Manned
69.5%
Fanned
67.8%
'And' Rhyme % Correct
Grand
65.7%
Panned
65.6%
Tanned
64.1%
Planned
58.9%
Banned
57.9%
Gland
48.8%
Strand
42.4%
Spanned
40%
Scanned
35.8%
Vanned
32.1%

You're not logged in!

Compare scores with friends on all Sporcle quizzes.
OR
Log In

Sporcle TV

Today on Sporcle TV


Watch our educational content, quiz creation guides, and fun videos on Sporcle TV.

Show Comments

Extras

Top Quizzes Today


Score Distribution

Paid Content

Your Account Isn't Verified!

In order to create a playlist on Sporcle, you need to verify the email address you used during registration. Go to your Sporcle Settings to finish the process.

Report this User

Report this user for behavior that violates our Community Guidelines.

Details: